000 00742nam a22002177a 4500
003 OSt
005 20250828140145.0
008 250828b |||||||| |||| 00| 0 eng d
020 _a1-57075-277-x
040 _cOC
082 _aFil. 223.061 C414 2000
100 _aCeresco, A.
245 _aIntroduction to Old Testament wisdom :
_ba spirituality for liberation
260 _aPhilippines :
_bClaretian Publications,
_cc2000
300 _axii. 205 pages :
_c 23 cm.
504 _aIncludes bibliographical references and index
650 _2Liberation theology
650 _2Sociology, biblical
650 _2Wisdom literature introductions
942 _2ddc
_cBK - FIL
_hFil. 223.061 C414 2000
_kFil.
_n0
999 _c4309
_d4309